| 000 | 00976cam a22003137a 4500 | ||
|---|---|---|---|
| 003 | CHAP | ||
| 005 | 20220329141038.0 | ||
| 008 | 971013s1994 r 00010 d | ||
| 010 | _a61778 | ||
| 011 | _a62750 | ||
| 035 | _a66925 | ||
| 040 | _cCHAP | ||
| 082 |
_a333.7 _bP4 |
||
| 100 | 0 | 0 |
_aPearce, David W. _986400 |
| 245 | 1 | 4 | _aThe economic value of biodiversity |
| 260 |
_aLondon : _bEarthscan publications, _c1994 |
||
| 300 |
_a172 p. _b: gráfs. |
||
| 590 |
_aBATCH-UPD _b10 _c20130110 _lUCH01 _h0813 |
||
| 590 |
_aBATCH-UPD _b10 _c20130410 _lUCH01 _h0450 |
||
| 590 |
_aBATCH-UPD _b10 _c20130914 _lUCH01 _h0628 |
||
| 590 |
_aCONVERSION _b10 _c20130109 _lUCH01 _h1333 |
||
| 650 | 1 | 4 |
_aBiodiversidad. _912724 |
| 650 | 1 | 4 |
_aEconomía ecológica. _935272 |
| 650 | 1 | 4 |
_aRecursos naturales _xContabilidad. _995272 |
| 700 | 0 |
_aMoran, Dominic. _978478 |
|
| 901 | _aBK | ||
| 942 | _cLIBRO | ||
| 949 |
_a333.7 P4 _bBC _cLIBRO _d33724000608691 _eLIBRO _gI. 182674 _h91298 _i66925 _si _t194.00 |
||
| 999 |
_c61778 _d61778 |
||